Normal view MARC view

Entry Topical Term

Number of records used in: 1

001 - CONTROL NUMBER

  • control field: 25441

003 - CONTROL NUMBER IDENTIFIER

  • control field: OSt

005 - DATE AND TIME OF LATEST TRANSACTION

  • control field: 20210720111945.0

008 - FIXED-LENGTH DATA ELEMENTS

  • fixed length control field: 210720|| aca||aabn | a|a d

040 ## - CATALOGING SOURCE

  • Original cataloging agency: OSt
  • Transcribing agency: OSt

150 ## - HEADING--TOPICAL TERM

  • Topical term or geographic name entry element: Existential perspective, Lived managerial experience, Qualitative research, Self-development

670 ## - SOURCE DATA FOUND

  • Source citation: Work cat.: (OSt): Muller, Michal, Jedlickova, Lenka 25440, Several notes on the existential hermeneutic phenomenology for project management and possibilities of its extension by other existential concepts: Case study from the research project team

Powered by Koha